000 00405cam a2200157ua 4500
003 OSt
008 250222b |||||||| |||| 00| 0 eng d
041 _aeng
082 _a030.79603
_bASH/IN
100 _aAshok Kumar
_97222
245 0 0 _aInternational encyclopedia of sports and games. Vol I
250 _a1st
260 _aNewDelhi :
_bMittal Publications ,
_c2000.
300 _a254 ; .
942 _cBK
999 _c12205
_d12205